000 00340nam a22001457a 4500
003 SGT
020 _a978-1-4511-9243-8
082 _a610.73678
_bP18B
100 _aBOYD, MARY ANN
245 _aPSYCHIATRIC NURSING CONTEMPORARY PRACTICE
250 _a6TH
260 _aINDIA
_bWOLTER KULWER PUB
_c2018
300 _a868
942 _2ddc
_cBK
999 _c16564
_d16564